who was not in the movie titanic - Statistics

General Stats
  • This quiz has been taken 55 times
  • The average score is 3 of 10
Answers on the Grid
Answers color-coded by a green-red scale on the quiz's grid according to % correct below.
leo henrik melin
kate winslet
hanna ydremark
victor garber
brad pitt
johanna arvidsson
lova-li tappert
jim halpert
sana lively
bernard hill
Jennifer Aniston
johanna arvidsson
Leonardo DiCaprio
ernst hjortsberg
billy zane
pontus rasmusson
frances fisher
kathy bates
 
Answer Stats
Answer % Correct
brad pitt
78%
hanna ydremark
38%
leo henrik melin
34%
lova-li tappert
31%
johanna arvidsson
25%
victor garber
22%
kate winslet
19%
kathy bates
16%
pontus rasmusson
9%
frances fisher
6%
No matching quizzes found
Score Distribution
Percent of People with Each Score
Percentile by Number Answered
Your Score History
You have not taken this quiz